Capital Cities Not in The Top 3 - Statistics

General Stats
  • This quiz has been taken 31 times
  • The average score is 6 of 14
Answer Stats
Population Capital City % Correct
678 k Washington DC
85%
1.0 m Ottawa
81%
3.1 m Brasilia
77%
456 k Canberra
77%
216 k Wellington
42%
134 k Bern
38%
1.2 m Islamabad
38%
575 k Rabat
35%
1.7 m Abuja
31%
930 k Naypyidaw
31%
270 Ngerulmud
27%
5.8 k Valletta
27%
4.6 k Palikir
23%
27 k Belmopan
15%
No matching quizzes found
Score Distribution
Percent of People with Each Score
Percentile by Number Answered
Your Score History
You have not taken this quiz